Central Library OPAC University of Rajshahi

Mens rea in statutory offences / (Record no. 46435)

MARC details
000 -LEADER
fixed length control field 01024cam a2200301 a 4500
001 - CONTROL NUMBER
control field 46435
003 - CONTROL NUMBER IDENTIFIER
rucl marc code BD-RjUL
005 - DATE AND TIME OF LATEST TRANSACTION
control field 20211209054143.0
008 - FIXED-LENGTH DATA ELEMENTS--GENERAL INFORMATION
fixed length control field 1608-2s1955 enka b 001 0 eng
020 ## - INTERNATIONAL STANDARD BOOK NUMBER
Terms of availability (V-8)
035 ## - SYSTEM CONTROL NUMBER
System control number (BD-RjUL)46553
040 ## - CATALOGING SOURCE
Original cataloging agency DLC
Transcribing agency OClU-L
Modifying agency FTaSU-L
-- Uk
-- DLC
-- BD-RjUL
Language of cataloging eng
041 ## - LANGUAGE CODE
Language code of text/sound track or separate title eng
082 ## - DEWEY DECIMAL CLASSIFICATION NUMBER
Edition number 23
Classification number 345.4104
Author mark and year EDM 1955
100 10 - MAIN ENTRY--PERSONAL NAME
Personal name Edwards, J. Ll. J.
Fuller form of name (John Llewelyn Jones),
Dates associated with a name 1918-
9 (RLIN) 141744
245 10 - TITLE STATEMENT
Title Mens rea in statutory offences /
Statement of responsibility, etc. by J.Ll.J. Edwards ; edited by L. radzinowicz LL.D.
260 ## - PUBLICATION, DISTRIBUTION, ETC. (IMPRINT)
Place of publication, distribution, etc. London :
Name of publisher, distributor, etc. Macmillan ;
Place of publication, distribution, etc. New York :
Name of publisher, distributor, etc. St. Martin's Press,
Date of publication, distribution, etc. 1955
300 ## - PHYSICAL DESCRIPTION
Pagination V. ;
Size 23 cm.
490 ## - SERIES STATEMENT
Series statement V-8
504 ## - BIBLIOGRAPHY, ETC. NOTE
Bibliography, etc Includes bibliography and index
505 0# - FORMATTED CONTENTS NOTE
Formatted contents note Vol. VIII---
650 #0 - SUBJECT ADDED ENTRY--TOPICAL TERM
Topical term or geographic name as entry element Criminal law
Geographic subdivision Great Britain
9 (RLIN) 141746
Topical term or geographic name as entry element Criminal intent
Geographic subdivision Great Britain
9 (RLIN) 141747
700 ## - ADDED ENTRY--PERSONAL NAME
Personal name Radzinowicz, L.
830 ## - SERIES ADDED ENTRY--UNIFORM TITLE
Uniform title English studies in criminal science V-8
942 ## - ADDED ENTRY ELEMENTS (KOHA)
Source of classification or shelving scheme Dewey Decimal Classification
Koha item type Books
Holdings
Lost status Source of classification or shelving scheme Damaged status Not for loan Collection code Permanent Location Current Location Shelving location Date acquired Source of acquisition Cost, normal purchase price Total Checkouts Full call number Date last seen Copy number Koha item type
  Dewey Decimal Classification     Non-fiction Central Library, University of Rajshahi Central Library, University of Rajshahi   03/01/1968 Zeetlinger 30.00   345.4104 EDM V-8 1955 02/08/2016 C-2 Books
  Dewey Decimal Classification     Non-fiction Central Library, University of Rajshahi Central Library, University of Rajshahi   15/02/1963 Zeetlinger 21.00   345.4104 EDM V-8 1955 02/08/2016 C-3 Books
  Dewey Decimal Classification     Non-fiction Central Library, University of Rajshahi Central Library, University of Rajshahi   15/02/1963 Zeetlinger 21.00   345.4104 EDM V-8 1955 02/08/2016 C-4 Books